000 00404nam a22001577a 4500
005 20150514154330.0
008 150514b xxu||||| |||| 00| 0 eng d
020 _a0521297702
040 _cPK-LaUMT
082 _aKHC 306.32
_bSTO-P
100 _aStokes, Eirc
245 _aThe peasant and the raj
_cEric Stokes
260 _aLondon
_bCambridge university press
_c1978
300 _a308 p.
942 _cBK
999 _c71915
_d71915